| 000 | 00395nam a2200109Ia 4500 | ||
|---|---|---|---|
| 008 | 171204s9999 xx 000 0 und d | ||
| 245 | 4 | _aThe Klein-winnicot Dialectic Transformative New Metapsychology And Interactive Clinical Theory: | |
| 245 | _cSusan Kavaler-Adler | ||
| 260 | _c2014 | ||
| 650 | _xCLINICAL PSYCHOLOGY | ||
| 856 | _uhttp://down.ebook777.com/027/TheKleDiaTraNewMetAndIntCliThe.pdf | ||
| 999 |
_c346408 _d346408 |
||